000 00625nam a2200277Ia 4500
005 20260324144912.0
008 008 260324s9999 xx 000 0 eng d
020 _a9780429035937
037 _aEBOOK
040 _aCRL
040 _beng
040 _cCRL
041 _2eng
041 _aeng
084 _qCRL
100 _aJoshua D. Katz
_91221031
245 0 _aJapan's New World Role
260 _bTaylor and Francis
260 _c1985
365 _a
365 _b230
856 _uhttp://www.taylorfrancis.com/books/9780429035937
942 _cEBOOK
999 _c1828231
_d1828231